Socio-economic status of women in micro credit self help groups in Chennai, India /
Saved in:
| Main Author: | |
|---|---|
| Format: | Thesis Book |
| Language: | English |
| Subjects: | |
| Online Access: | http://studentsrepo.um.edu.my/id/eprint/4642 |
| Tags: |
Add Tag
No Tags, Be the first to tag this record!
|
| LEADER | 01315cam a2200337 i 4500 | ||
|---|---|---|---|
| 001 | u1002144 | ||
| 003 | SIRSI | ||
| 005 | 201409021734 | ||
| 008 | 140902s2014 my a t 000 0 eng m | ||
| 040 | |a UMM |e rda | ||
| 090 | |a HA1 |b UMP 2014 Nit | ||
| 100 | 1 | |a Nithyanandhan, S. Hemavathy, |e author. | |
| 245 | 1 | 0 | |a Socio-economic status of women in micro credit self help groups in Chennai, India / |c S. Hemavathy Nithyanandhan. |
| 264 | 1 | |c 2014 | |
| 264 | 4 | |c 2014 | |
| 300 | |a xv, 289 leaves : |b illustrations ; |c 30 cm | ||
| 336 | |a text |2 rdacontent | ||
| 337 | |a unmediated |2 rdamedia | ||
| 338 | |a volume |2 rdacarrier | ||
| 502 | |b Ph.D |c Jabatan Statistik Gunaan, Fakulti Ekonomi dan Pentadbiran, Universiti Malaya |d 2014 | ||
| 504 | |a Bibliography: leaves 252-266. | ||
| 530 | |a Also issued in CD | ||
| 650 | 0 | |a Businesswomen |z India. | |
| 650 | 0 | |a Microfinance |z India. | |
| 650 | 0 | |a Small business |z India. | |
| 710 | 2 | |a Universiti Malaya. |b Jabatan Statistik Gunaan, |e degree granting institution. | |
| 856 | 4 | 1 | |u http://studentsrepo.um.edu.my/id/eprint/4642 |
| 900 | |a ATAH-ZA | ||
| 596 | |a 1 25 | ||
| 999 | |a HA1 UMP 2014 NIT |w LC |c 1 |i A515974378 |d 25/8/2015 |f 25/8/2015 |g 1 |l STACKS |m P01UTAMA |r Y |s Y |t TESIS |u 20/8/2015 |1 AHSS | ||
| 999 | |a HA1 UMP 2014 NIT |w LC |c 1 |i A516259180 |l STACKS |m P25UMARCHI |r Y |s Y |t CD |u 23/6/2015 |1 AHSS | ||
